=LDR 00000nam 2200000 4500 =001 INLIS000000000003591 =005 20130612091908 =008 ***********************************Ind** =035 ##$$0010-061300000003591 =041 ##$$a Ind =082 ##$$a 613.71 =090 ##$$a 613.71, Sum s =100 ##$$a Sumosarjuno, Sadoso =245 ##$$a Sehat dan bugar, petunjuk praktis berolahraga yang benar, Sadoso Sumosardjono =260 ##$$a 1995 $b Jakarta =300 ##$$a ix, 233 hlm., 20 cm =650 ##$$a Olahraga =650 ##$$a Aspek kesehatan =850 ##$$a NBPNMAT